[Event "76. LJUBLJANSKA SAHOVSKA LIGA 2024"]
[Site "gostovanja"]
[Date "2024.03.21"]
[Round "6.1"]
[White "Plaskan, Jure"]
[Black "Siraj, Svit"]
[Result "1-0"]
[WhiteElo "2262"]
[BlackElo "2182"]
[PlyCount "51"]
[EventDate "2024.01.18"]
[WhiteTeam "SD DOMZALE"]
[BlackTeam "SD VRHNIKA"]

1. e4 e5 2. Nf3 Nc6 3. Bb5 a6 4. Ba4 d6 5. c3 Bd7 6. O-O g6 7. d4 Bg7 8. Bb3
Nf6 9. Nbd2 O-O 10. dxe5 Nxe5 11. Nxe5 dxe5 12. Qf3 Qe7 13. Nc4 Bc6 14. Bc2 b6
15. b3 Qe6 16. Ne3 Nd7 17. Ba3 Rfd8 18. Rad1 f5 19. Qh3 Qf6 20. exf5 e4 21.
fxg6 Qxg6 22. Nf5 Kh8 23. Ne7 Qf6 24. Nxc6 Qxc6 25. Be7 Rg8 26. Qxd7 1-0

[Event "76. LJUBLJANSKA SAHOVSKA LIGA 2024"]
[Site "gostovanja"]
[Date "2024.03.21"]
[Round "6.1"]
[White "Praznik, Anton"]
[Black "Debevec, Blaz"]
[Result "0-1"]
[WhiteElo "1990"]
[BlackElo "2077"]
[PlyCount "102"]
[EventDate "2024.01.18"]
[WhiteTeam "SD VRHNIKA"]
[BlackTeam "SD DOMZALE"]

1. e4 e5 2. Nf3 Nc6 3. Bb5 f5 4. Nc3 fxe4 5. Nxe4 Nf6 6. Nxf6+ Qxf6 7. Qe2 Be7
8. Bxc6 bxc6 9. d4 Qg6 10. dxe5 Ba6 11. Qxa6 Qxg2 12. Rg1 Qxf3 13. Qe2 Qxe2+
14. Kxe2 Kf7 15. Bd2 g6 16. Bc3 Ke6 17. Rad1 Rhf8 18. Rg3 Bc5 19. Bd4 Bxd4 20.
Rxd4 Rf5 21. f4 Rb8 22. b3 Rb5 23. c4 c5 24. Re4 Rb8 25. Rh3 Rbf8 26. Ke3 R8f7
27. Rh4 h5 28. Rh3 g5 29. Rf3 gxf4+ 30. Rfxf4 Rxf4 31. Rxf4 Rf5 32. Rh4 Kxe5
33. Kd3 c6 34. a3 a5 35. Re4+ Kf6 36. Re3 Rf4 37. Kc3 d5 38. cxd5 cxd5 39. Rh3
h4 40. Rd3 Ke5 41. Re3+ Kf5 42. Re8 Rf3+ 43. Kc2 d4 44. Ra8 Rc3+ 45. Kb2 Ke4
46. Rxa5 Kd3 47. h3 Rc2+ 48. Kb1 Kd2 49. Rb5 d3 50. a4 Ke1 51. Rb8 Re2 0-1

[Event "76. LJUBLJANSKA SAHOVSKA LIGA 2024"]
[Site "gostovanja"]
[Date "2024.03.21"]
[Round "6.1"]
[White "Osolin, Bojan"]
[Black "Vodnik, Val"]
[Result "1-0"]
[WhiteElo "2086"]
[BlackElo "1661"]
[PlyCount "53"]
[EventDate "2024.01.18"]
[WhiteTeam "SD DOMZALE"]
[BlackTeam "SD VRHNIKA"]

1. e4 e5 2. Nf3 Nc6 3. d4 exd4 4. Bc4 Nf6 5. O-O Nxe4 6. Re1 d5 7. Bxd5 Qxd5 8.
Nc3 Qh5 9. Nxe4 Be7 10. Ng3 Qc5 11. Bf4 Be6 12. Bxc7 O-O 13. Bf4 Rfd8 14. a3
Rac8 15. Rc1 Qb5 16. b4 a5 17. Rb1 axb4 18. axb4 Bxb4 19. Bd2 Qa5 20. Rxb4 Nxb4
21. Qb1 Qc5 22. Ne4 Qc4 23. Bxb4 Qxc2 24. Qa1 Bg4 25. Nd6 Bxf3 26. Nxc8 Qg6 27.
Ne7+ 1-0

[Event "76. LJUBLJANSKA SAHOVSKA LIGA 2024"]
[Site "gostovanja"]
[Date "2024.03.21"]
[Round "6.1"]
[White "Sirk, Matija"]
[Black "Skube, Zan"]
[Result "1/2-1/2"]
[WhiteElo "1625"]
[BlackElo "1000"]
[PlyCount "102"]
[EventDate "2024.01.18"]
[WhiteTeam "SD VRHNIKA"]
[BlackTeam "SD DOMZALE"]

1. e4 c6 2. d4 d5 3. exd5 cxd5 4. Bd3 Nc6 5. c3 Nf6 6. Bf4 Bg4 7. Qb3 Qc8 8.
Nd2 e6 9. Ngf3 Be7 10. O-O O-O 11. Rae1 Rd8 12. Qc2 Bf5 13. Bxf5 exf5 14. Bg5
Ne4 15. Bxe7 Nxe7 16. Ne5 f6 17. Nd3 Nc6 18. Nb3 b6 19. f3 Nd6 20. Nf4 Nc4 21.
Re2 Rd6 22. Rfe1 g5 23. Nd3 f4 24. Nf2 Ne3 25. Qd3 Ne7 26. Nd1 N7f5 27. Nxe3
Nxe3 28. Na1 Re6 29. Nc2 Nxc2 30. Rxe6 Nxe1 31. Rxe1 Qd7 32. Qc2 Kf8 33. Qe2
Re8 34. Qxe8+ Qxe8 35. Rxe8+ Kxe8 36. b3 b5 37. Kf2 h5 38. h4 Ke7 39. Ke2 Kd6
40. Kd3 gxh4 41. c4 bxc4+ 42. bxc4 dxc4+ 43. Kxc4 a5 44. a4 Kc6 45. d5+ Kd6 46.
Kb5 Kxd5 47. Kxa5 Kc5 48. Ka6 Kc6 49. a5 f5 50. Ka7 Kc7 51. a6 h3 1/2-1/2

[Event "76. LJUBLJANSKA SAHOVSKA LIGA 2024"]
[Site "gostovanja"]
[Date "2024.03.21"]
[Round "6.3"]
[White "Olenik Campa, Rudi"]
[Black "Zidar, Jernej"]
[Result "1-0"]
[WhiteElo "2299"]
[BlackElo "2000"]
[PlyCount "57"]
[EventDate "2024.01.18"]
[WhiteTeam "SK LJUBLJANA TAJFUN"]
[BlackTeam "SK KOMENDA POPOTNIK"]

1. Nf3 d5 2. g3 g6 3. Bg2 Bg7 4. d4 c6 5. O-O Nf6 6. b3 O-O 7. Bb2 Nbd7 8. c4
b6 9. Nc3 Ba6 10. Nd2 e6 11. e4 dxe4 12. Ndxe4 Nxe4 13. Nxe4 Qc7 14. Ba3 c5 15.
dxc5 bxc5 16. Rb1 Rab8 17. Bb2 Rfd8 18. Bxg7 Kxg7 19. Qd6 Qc8 20. Qe7 Re8 21.
Qh4 Qc7 22. Rbd1 Rb6 23. Rd2 f5 24. Rfd1 Nf8 25. Nf6 Re7 26. Rd8 Kf7 27. Nxh7
Nxh7 28. Qxh7+ Kf6 29. Qh8+ 1-0

[Event "76. LJUBLJANSKA SAHOVSKA LIGA 2024"]
[Site "gostovanja"]
[Date "2024.03.21"]
[Round "6.3"]
[White "Kobold, Andrej"]
[Black "Marinko, Peter"]
[Result "0-1"]
[WhiteElo "1958"]
[BlackElo "2050"]
[PlyCount "77"]
[EventDate "2024.01.18"]
[WhiteTeam "SK KOMENDA POPOTNIK"]
[BlackTeam "SK LJUBLJANA TAJFUN"]

1. d4 d6 2. Nf3 Nf6 3. Nc3 g6 4. Bg5 Bg7 5. Qd2 h6 6. Bf4 Nh5 7. Be3 a6 8. h3
b5 9. a3 Bb7 10. g3 Nd7 11. Bg2 c5 12. O-O Nhf6 13. Nh4 Bxg2 14. Nxg2 Qc7 15.
f3 Rc8 16. dxc5 Nxc5 17. Nf4 O-O 18. Kg2 Kh7 19. Rad1 Rfd8 20. Ncd5 Nxd5 21.
Nxd5 Qb7 22. c3 e6 23. Nb4 a5 24. Nc2 Nb3 25. Qd3 d5 26. Bg1 a4 27. Nd4 Nxd4
28. Bxd4 e5 29. Bg1 Qa8 30. Kh2 d4 31. cxd4 exd4 32. Rc1 Rxc1 33. Rxc1 Qd5 34.
Rc7 Kg8 35. Kg2 h5 36. Bf2 Rb8 37. Rc2 b4 38. axb4 Rxb4 39. Rc8+ 0-1

[Event "76. LJUBLJANSKA SAHOVSKA LIGA 2024"]
[Site "gostovanja"]
[Date "2024.03.21"]
[Round "6.3"]
[White "Juvan, Vid"]
[Black "Cimperman, Teo"]
[Result "1/2-1/2"]
[WhiteElo "1517"]
[BlackElo "1754"]
[PlyCount "107"]
[EventDate "2024.01.18"]
[WhiteTeam "SK LJUBLJANA TAJFUN"]
[BlackTeam "SK KOMENDA POPOTNIK"]

1. e4 c5 2. Nf3 Nc6 3. Bb5 g6 4. c3 Bg7 5. d4 cxd4 6. cxd4 Qb6 7. Bxc6 bxc6 8.
O-O Nf6 9. Nc3 O-O 10. b3 d5 11. e5 Ne4 12. Na4 Qa5 13. Bb2 Ba6 14. Re1 Bb5 15.
Nc5 Nxc5 16. dxc5 Rab8 17. Qc2 e6 18. Nd4 Qd8 19. a4 Ba6 20. Nxc6 Qc7 21. Nxb8
Rxb8 22. Rab1 h5 23. Bd4 Bh6 24. b4 Bc4 25. b5 h4 26. h3 a6 27. b6 Qc6 28. Rb2
Rb7 29. Rb4 Bf8 30. Rxc4 dxc4 31. Qxc4 Rxb6 32. Rd1 a5 33. cxb6 Qxc4 34. Rb1
Qd3 35. Rb5 Qd1+ 36. Kh2 Qxd4 37. b7 Bd6 38. exd6 Qxd6+ 39. g3 hxg3+ 40. fxg3
Qb8 41. Kg2 Kf8 42. Kf3 Ke7 43. Ke4 Kd7 44. g4 Kc7 45. h4 f5+ 46. gxf5 exf5+
47. Kf4 Qxb7 48. Rxb7+ Kxb7 49. Kg5 Kc6 50. Kxg6 f4 51. h5 f3 52. h6 f2 53. h7
f1=Q 54. h8=Q 1/2-1/2

[Event "76. LJUBLJANSKA SAHOVSKA LIGA 2024"]
[Site "gostovanja"]
[Date "2024.03.21"]
[Round "6.4"]
[White "Marn, Jan"]
[Black "Bohorc, Edo"]
[Result "1-0"]
[WhiteElo "2322"]
[BlackElo "2027"]
[PlyCount "143"]
[EventDate "2024.01.18"]
[WhiteTeam "SD MENGES - TRZIN"]
[BlackTeam "SD CRNI GRABEN"]

1. d4 d5 2. c4 c6 3. cxd5 cxd5 4. Nc3 Nf6 5. Bf4 a6 6. e3 e6 7. Nf3 Bd6 8. Bxd6
Qxd6 9. Bd3 Nc6 10. O-O O-O 11. Na4 e5 12. dxe5 Nxe5 13. Nxe5 Qxe5 14. h3 Bf5
15. Bxf5 Qxf5 16. Rc1 Rac8 17. Nc5 Rc7 18. Qd4 Rfc8 19. Rc3 Nd7 20. Nxb7 Rxc3
21. bxc3 Qe6 22. Rd1 Nf6 23. Na5 h6 24. c4 dxc4 25. Rc1 c3 26. Rxc3 Rxc3 27.
Qxc3 Qxa2 28. Qc8+ Kh7 29. Qf5+ Kg8 30. Nc6 Qa3 31. Qc8+ Kh7 32. Qf5+ Kg8 33.
Qc8+ Kh7 34. g3 g6 35. Kg2 Qd3 36. Qb7 Qd5+ 37. Kg1 Qd1+ 38. Kh2 Qd5 39. Qxa6
Qf3 40. Kg1 Ne4 41. Qf1 Ng5 42. Nd4 Qd5 43. Qg2 Qd7 44. h4 Ne6 45. Qc6 Qxc6 46.
Nxc6 Kg7 47. f3 f6 48. Kf2 Kf7 49. e4 Nc5 50. Ke3 Ke6 51. Nd4+ Kd6 52. g4 Ke7
53. h5 Kf7 54. hxg6+ Kxg6 55. Ne2 Nd7 56. Nf4+ Kg5 57. Nh5 Kg6 58. f4 Nc5 59.
Kd4 Ne6+ 60. Kd5 Kf7 61. Kd6 Nd4 62. e5 fxe5 63. fxe5 Ne6 64. Ng3 Nf4 65. Kd7
Kg6 66. Nh5 Nd5 67. Ke6 Nc7+ 68. Kd6 Nb5+ 69. Kd7 Nd4 70. e6 Nxe6 71. Kxe6 Kg5
72. Nf6 1-0

[Event "76. LJUBLJANSKA SAHOVSKA LIGA 2024"]
[Site "gostovanja"]
[Date "2024.03.21"]
[Round "6.4"]
[White "Skok, Boris"]
[Black "Mihelic, Vesna"]
[Result "1-0"]
[WhiteElo "1925"]
[BlackElo "2112"]
[PlyCount "117"]
[EventDate "2024.01.18"]
[WhiteTeam "SD CRNI GRABEN"]
[BlackTeam "SD MENGES - TRZIN"]

1. d4 d5 2. c4 e6 3. Nf3 Nf6 4. Nc3 Be7 5. Bf4 O-O 6. e3 b6 7. Qc2 Bb7 8. O-O-O
Nbd7 9. Kb1 Rc8 10. cxd5 Nxd5 11. Nxd5 exd5 12. Bd3 Nf6 13. Bf5 Ra8 14. Qxc7
Bc8 15. Bxc8 Qxc7 16. Bxc7 Raxc8 17. Rc1 Ne4 18. Bg3 h5 19. Rxc8 Rxc8 20. Rc1
Rxc1+ 21. Kxc1 g5 22. Nd2 Nxg3 23. hxg3 Kg7 24. Nb1 Kf6 25. Nc3 Ke6 26. Nb5 a5
27. Nc7+ Kd6 28. Ne8+ Kc6 29. Ng7 h4 30. gxh4 gxh4 31. Nf5 Bg5 32. f4 Bd8 33.
Nh6 f5 34. Nf7 Be7 35. Ne5+ Kb5 36. Kc2 Ka6 37. a4 Kb7 38. Kd1 Kc7 39. Ke2 Kd6
40. Kf3 Ke6 41. Kf2 Bf6 42. Kg1 Be7 43. Ng6 Bd8 44. Kh2 Kf7 45. Ne5+ Kg7 46.
Kh3 Be7 47. Nf3 Bb4 48. Kxh4 Kf6 49. g4 fxg4 50. Kxg4 Ke6 51. Ne5 Bd2 52. f5+
Ke7 53. Kf4 Kd6 54. Ng4 Bc1 55. b3 Bd2 56. Kg5 Ke7 57. Kg6 Kf8 58. Kf6 Be1 59.
Ke5 1-0

[Event "76. LJUBLJANSKA SAHOVSKA LIGA 2024"]
[Site "gostovanja"]
[Date "2024.03.21"]
[Round "6.4"]
[White "Veskovic, Dzemal"]
[Black "Osolin, Bogdan"]
[Result "1/2-1/2"]
[WhiteElo "1811"]
[BlackElo "1916"]
[PlyCount "20"]
[EventDate "2024.01.18"]
[WhiteTeam "SD MENGES - TRZIN"]
[BlackTeam "SD CRNI GRABEN"]

1. e4 b6 2. Nc3 Ba6 3. Bxa6 Nxa6 4. d4 c6 5. Nf3 Nc7 6. O-O Nf6 7. a3 Qc8 8. e5
Nfd5 9. Nxd5 cxd5 10. c3 Qa6 1/2-1/2

[Event "76. LJUBLJANSKA SAHOVSKA LIGA 2024"]
[Site "gostovanja"]
[Date "2024.03.21"]
[Round "6.4"]
[White "Majcen, Zoran"]
[Black "Sedlar, Tomo"]
[Result "1/2-1/2"]
[WhiteElo "1797"]
[BlackElo "1786"]
[PlyCount "21"]
[EventDate "2024.01.18"]
[WhiteTeam "SD CRNI GRABEN"]
[BlackTeam "SD MENGES - TRZIN"]

1. d4 d5 2. Bf4 Bf5 3. e3 e6 4. Bd3 Bg6 5. Nf3 Bd6 6. Bxd6 Qxd6 7. a3 Nd7 8.
Nbd2 Ne7 9. O-O O-O 10. Bxg6 hxg6 11. c4 1/2-1/2

[Event "76. LJUBLJANSKA SAHOVSKA LIGA 2024"]
[Site "gostovanja"]
[Date "2024.03.21"]
[Round "6.5"]
[White "Ribicic, Marko"]
[Black "Markoja Jeraj, Sebastijan"]
[Result "0-1"]
[WhiteElo "1716"]
[BlackElo "2242"]
[PlyCount "40"]
[EventDate "2024.01.18"]
[WhiteTeam "ZELENCI LPP"]
[BlackTeam "SK DOL PRI LJUBLJANI"]

1. e3 g6 2. d4 Bg7 3. Nf3 d6 4. c4 Nd7 5. Nc3 e5 6. Be2 f5 7. e4 f4 8. h4 Ngf6
9. Qb3 exd4 10. Nxd4 Nc5 11. Qc2 O-O 12. Nf3 Qe7 13. Nd2 Re8 14. Bf3 c6 15. h5
d5 16. cxd5 cxd5 17. b4 dxe4 18. O-O exf3 19. bxc5 fxg2 20. Kxg2 Qd7 0-1

[Event "76. LJUBLJANSKA SAHOVSKA LIGA 2024"]
[Site "gostovanja"]
[Date "2024.03.21"]
[Round "6.5"]
[White "Azinovic, Igor"]
[Black "Besic, Semso"]
[Result "1-0"]
[WhiteElo "1644"]
[BlackElo "1595"]
[PlyCount "89"]
[EventDate "2024.01.18"]
[WhiteTeam "SK DOL PRI LJUBLJANI"]
[BlackTeam "ZELENCI LPP"]

1. e4 e5 2. Nf3 Nc6 3. Bc4 Bc5 4. b4 Be7 5. O-O Nf6 6. Re1 O-O 7. c3 d6 8. h3
Be6 9. Bxe6 fxe6 10. Qb3 Qd7 11. Ng5 d5 12. d3 h6 13. Nf3 a6 14. exd5 exd5 15.
Nxe5 Nxe5 16. Rxe5 Bd6 17. Re1 Rae8 18. Be3 Bf4 19. Nd2 Bxe3 20. Rxe3 Rxe3 21.
fxe3 c6 22. e4 Kh8 23. e5 Nh5 24. d4 Nf4 25. Nf3 Nxh3+ 26. Kh2 Qg4 27. Qc2 Nf4
28. Qf2 Nxg2 29. Qxg2 Qxf3 30. Qxf3 Rxf3 31. Rc1 Rf2+ 32. Kg3 Rxa2 33. Rf1 Kh7
34. Rf7 Ra3 35. e6 Rxc3+ 36. Kf2 Rc2+ 37. Ke3 Rc3+ 38. Kd2 Rc4 39. Kd3 Rxb4 40.
e7 Rb3+ 41. Kd2 Rb2+ 42. Ke3 Rb1 43. Kf2 Rb2+ 44. Kf3 Rb1 45. e8=Q 1-0

[Event "76. LJUBLJANSKA SAHOVSKA LIGA 2024"]
[Site "gostovanja"]
[Date "2024.03.21"]
[Round "6.5"]
[White "Rasic, Mehmed"]
[Black "Kosem, Rok"]
[Result "0-1"]
[WhiteElo "1000"]
[BlackElo "1602"]
[PlyCount "115"]
[EventDate "2024.01.18"]
[WhiteTeam "ZELENCI LPP"]
[BlackTeam "SK DOL PRI LJUBLJANI"]

1. e4 c5 2. Bc4 e6 3. a3 d5 4. exd5 exd5 5. Ba2 Nf6 6. Nf3 Qe7+ 7. Qe2 Qxe2+ 8.
Kxe2 Bd6 9. d3 h6 10. h3 Bd7 11. Nc3 Bc6 12. a4 a6 13. Re1 O-O 14. d4 b6 15.
Kf1 Bb7 16. Be3 Nbd7 17. Ne2 c4 18. Rad1 b5 19. axb5 axb5 20. Bb1 Ne4 21. c3 f5
22. Bf4 Bxf4 23. Nxf4 Rfe8 24. Ng6 Kh7 25. Nge5 Nxe5 26. Nxe5 g6 27. Bxe4 fxe4
28. Ra1 Rxa1 29. Rxa1 Ra8 30. Rxa8 Bxa8 31. f4 Bb7 32. Ke2 Kg7 33. Ke3 Bc8 34.
Nc6 Kf6 35. Nb4 Bb7 36. Nc2 Bc8 37. Na3 Bd7 38. Nb1 g5 39. Nd2 g4 40. h4 Kg6
41. b3 Kh5 42. bxc4 bxc4 43. g3 Kg6 44. Nxc4 dxc4 45. Kxe4 Kf6 46. Kd5 Kf5 47.
Kxc4 Ke4 48. Kc5 Kf3 49. Kd6 Bb5 50. Ke5 Kxg3 51. f5 Kf3 52. f6 Be8 53. d5 g3
54. d6 g2 55. d7 g1=Q 56. d8=Q Qe3+ 57. Kd6 Kf4 58. Kd5 0-1

[Event "76. LJUBLJANSKA SAHOVSKA LIGA 2024"]
[Site "gostovanja"]
[Date "2024.03.21"]
[Round "6.5"]
[White "Zdolc, Damjan"]
[Black "Levacic, Matic"]
[Result "0-1"]
[WhiteElo "1000"]
[BlackElo "1000"]
[PlyCount "54"]
[EventDate "2024.01.18"]
[WhiteTeam "SK DOL PRI LJUBLJANI"]
[BlackTeam "ZELENCI LPP"]

1. d4 d5 2. Bf4 Nf6 3. Nf3 Bf5 4. e3 e6 5. c3 c5 6. Bd3 Ne4 7. Qc2 c4 8. Be2
Nxf2 9. Qa4+ Nc6 10. Kxf2 Qb6 11. b4 a5 12. a3 Be7 13. Nbd2 O-O 14. Qd1 axb4
15. axb4 Nxb4 16. cxb4 c3 17. e4 dxe4 18. Ne5 Qxd4+ 19. Kf1 cxd2 20. g3 Rxa1
21. g4 Rxd1+ 22. Bxd1 Bh4 23. Bg3 Bxg3 24. hxg3 Qxe5 25. gxf5 Qxg3 26. Ba4 e3
27. Rg1 Qf2# 0-1

[Event "76. LJUBLJANSKA SAHOVSKA LIGA 2024"]
[Site "gostovanja"]
[Date "2024.03.21"]
[Round "6.6"]
[White "Lesjak, Damjan"]
[Black "Babarovic, Fran"]
[Result "0-1"]
[WhiteElo "1792"]
[BlackElo "1644"]
[PlyCount "68"]
[EventDate "2024.01.18"]
[WhiteTeam "SK VISNJA GORA - STICNA"]
[BlackTeam "SK KOMENDA POGI"]

1. d4 d5 2. Nf3 c6 3. Bf4 Nf6 4. e3 Bf5 5. Bd3 Bxd3 6. Qxd3 e6 7. Nbd2 Nbd7 8.
O-O Be7 9. h3 O-O 10. c4 c5 11. Rfc1 Rc8 12. a3 dxc4 13. Nxc4 cxd4 14. exd4 Nc5
15. Qd1 Nce4 16. b4 Nd5 17. Be5 Bh4 18. Nxh4 Qxh4 19. Qg4 Qxf2+ 20. Kh2 Nef6
21. Qf3 Qxf3 22. gxf3 Nh5 23. Nd6 Rxc1 24. Rxc1 f6 25. Bg3 Nxg3 26. Kxg3 b6 27.
Rc6 Rb8 28. b5 Kf8 29. f4 Ke7 30. Kf3 Kd7 31. f5 Ne7 32. fxe6+ Kxe6 33. Nb7+
Nxc6 34. bxc6 Kd5 0-1

[Event "76. LJUBLJANSKA SAHOVSKA LIGA 2024"]
[Site "gostovanja"]
[Date "2024.03.21"]
[Round "6.6"]
[White "Macek, Inti"]
[Black "Jancigaj, Saso Valentin"]
[Result "1-0"]
[WhiteElo "1408"]
[BlackElo "1613"]
[PlyCount "84"]
[EventDate "2024.01.18"]
[WhiteTeam "SK KOMENDA POGI"]
[BlackTeam "SK VISNJA GORA - STICNA"]

1. d4 f5 2. Nf3 Nf6 3. c4 e6 4. Nc3 d5 5. Bg5 c6 6. c5 Be7 7. e3 O-O 8. Bd3
Nbd7 9. O-O Ne4 10. Bxe7 Qxe7 11. Rc1 e5 12. Re1 Nxc3 13. bxc3 e4 14. c4 exf3
15. cxd5 cxd5 16. Qxf3 Qe6 17. Bc2 Nf6 18. Bb3 Ne4 19. Qf4 Bd7 20. Red1 Bc6 21.
f3 g5 22. Qe5 Rae8 23. fxe4 fxe4 24. Qxg5+ Kh8 25. Rf1 Rg8 26. Qf6+ Qxf6 27.
Rxf6 Rg5 28. Rcf1 Reg8 29. R1f2 a5 30. a3 Kg7 31. Rf7+ Kh6 32. R2f6+ R8g6 33.
Rxg6+ Kxg6 34. Rf4 h5 35. h4 Rg4 36. Rxg4+ hxg4 37. Kf2 Kf5 38. Kg3 a4 39. Bd1
Kg6 40. Bxg4 Bb5 41. Kf4 Kf6 42. Bc8 Ba6 1-0

[Event "76. LJUBLJANSKA SAHOVSKA LIGA 2024"]
[Site "gostovanja"]
[Date "2024.03.21"]
[Round "6.6"]
[White "Kocmur, Boris"]
[Black "Perme, Stanko"]
[Result "0-1"]
[WhiteElo "1626"]
[BlackElo "1056"]
[PlyCount "104"]
[EventDate "2024.01.18"]
[WhiteTeam "SK VISNJA GORA - STICNA"]
[BlackTeam "SK KOMENDA POGI"]

1. d4 Nf6 2. c4 g6 3. Nc3 Bg7 4. e4 d6 5. Bg5 O-O 6. Qd2 Re8 7. Be2 e5 8. d5
Nbd7 9. h4 h5 10. Qe3 Nf8 11. Nh3 N8h7 12. Bh6 Ng4 13. Bxg4 Bxg4 14. Bxg7 Kxg7
15. f3 Qxh4+ 16. Nf2 Qg3 17. Ne2 Qxg2 18. fxg4 Nf6 19. Qg3 Qxg3 20. Nxg3 hxg4
21. Ke2 Rh8 22. Rxh8 Rxh8 23. Rh1 Rxh1 24. Ngxh1 Kh6 25. Ke3 Kg5 26. b4 Nd7 27.
Nd3 b6 28. Ng3 f5 29. Ne2 Kh4 30. a4 Kh3 31. Kf2 fxe4 32. Ne1 Nf6 33. Ng2 g3+
34. Kg1 Nh7 35. Nc3 Ng5 36. Ne3 Nf3+ 37. Kh1 Ne1 38. Nxe4 g2+ 39. Nxg2 Nxg2 40.
Ng5+ Kg4 41. Ne6 Ne3 42. Nxc7 Nxc4 43. Nb5 a5 44. bxa5 bxa5 45. Kg2 e4 46. Kf2
e3+ 47. Ke2 Kg3 48. Nd4 g5 49. Kd3 Kf2 50. Kxc4 e2 51. Nc2 e1=Q 52. Nxe1 Kxe1
0-1

[Event "76. LJUBLJANSKA SAHOVSKA LIGA 2024"]
[Site "gostovanja"]
[Date "2024.03.21"]
[Round "6.6"]
[White "Zulic, Luka"]
[Black "Pisek, Igor"]
[Result "0-1"]
[WhiteElo "1000"]
[BlackElo "1000"]
[PlyCount "50"]
[EventDate "2024.01.18"]
[WhiteTeam "SK KOMENDA POGI"]
[BlackTeam "SK VISNJA GORA - STICNA"]

1. d4 d5 2. Nf3 Nc6 3. Bf4 f6 4. Nc3 e6 5. e3 a6 6. Bd3 Bd6 7. Bg3 Nge7 8. Qe2
Nb4 9. e4 Nxd3+ 10. Qxd3 O-O 11. e5 Bb4 12. Bh4 Nf5 13. Bg3 c5 14. b3 Qa5 15.
Kd2 Ba3 16. Ng1 cxd4 17. Nge2 dxc3+ 18. Kd1 Bb2 19. Rc1 Bxc1 20. Nxc1 Bd7 21.
a4 b5 22. Na2 d4 23. Nb4 Qxb4 24. Qe4 bxa4 25. Ke2 fxe5 0-1

[Event "76. LJUBLJANSKA SAHOVSKA LIGA 2024"]
[Site "gostovanja"]
[Date "2024.03.21"]
[Round "6.7"]
[White "Coklin, Marko"]
[Black "Porenta, Matija"]
[Result "0-1"]
[WhiteElo "2093"]
[BlackElo "1775"]
[PlyCount "120"]
[EventDate "2024.01.18"]
[WhiteTeam "SK TRZIN BUSCOTRADE"]
[BlackTeam "SK MEDVODE"]

1. d4 Nf6 2. Nf3 d5 3. c4 e6 4. Nc3 Be7 5. Bg5 O-O 6. e3 c6 7. Qc2 Nbd7 8.
O-O-O dxc4 9. Bxc4 b5 10. Bd3 b4 11. Na4 Bb7 12. Kb1 h6 13. Bxf6 Bxf6 14. Nc5
Qc7 15. h4 Be7 16. g4 Bxc5 17. dxc5 Ne5 18. Nxe5 Qxe5 19. g5 f5 20. g6 Rad8 21.
Bc4 Bc8 22. Rxd8 Rxd8 23. Rd1 Rxd1+ 24. Qxd1 Qxc5 25. h5 Qe7 26. Qd4 Kf8 27.
Qe5 Ke8 28. Kc2 Kd8 29. b3 Qc7 30. Qc5 Ke8 31. Qxb4 Qb6 32. a4 Kd7 33. Kc3
Qxb4+ 34. Kxb4 Kd6 35. f4 Bb7 36. Ka5 Bc8 37. Ba6 Bd7 38. Bb7 Kc7 39. Ka6 Kb8
40. b4 Be8 41. b5 cxb5 42. axb5 Bxb5+ 43. Kxb5 Kxb7 44. Kc5 Kc7 45. Kb5 Kd6 46.
Ka6 e5 47. Kxa7 exf4 48. exf4 Kd5 49. Kb7 Ke4 50. Kc7 Kxf4 51. Kd7 Kg5 52. Ke7
f4 53. Kf7 f3 54. Kxg7 f2 55. Kh7 f1=Q 56. g7 Qf5+ 57. Kh8 Qf6 58. Kh7 Qxg7+
59. Kxg7 Kxh5 60. Kf6 Kg4 0-1

[Event "76. LJUBLJANSKA SAHOVSKA LIGA 2024"]
[Site "gostovanja"]
[Date "2024.03.21"]
[Round "6.7"]
[White "Cedilnik, Branko"]
[Black "Krupenko, Peter"]
[Result "0-1"]
[WhiteElo "1483"]
[BlackElo "1974"]
[PlyCount "64"]
[EventDate "2024.01.18"]
[WhiteTeam "SK MEDVODE"]
[BlackTeam "SK TRZIN BUSCOTRADE"]

1. d4 d5 2. c4 c6 3. Nf3 Nf6 4. Nc3 e6 5. Bg5 Qa5 6. Bxf6 gxf6 7. cxd5 cxd5 8.
e3 Bb4 9. Be2 Bxc3+ 10. bxc3 Qxc3+ 11. Nd2 Nc6 12. O-O O-O 13. Nb3 Qb4 14. Bd3
Ne7 15. f4 f5 16. Rf3 Kh8 17. Rh3 Rg8 18. Rc1 Qd6 19. Nd2 Bd7 20. Nf3 f6 21.
Rh6 Rg7 22. Rxf6 Ng8 23. Rxf5 exf5 24. Ne5 Nf6 25. Qf3 Rag8 26. Rc2 Be6 27. Qh3
Ne4 28. Qh6 Qb4 29. Nf3 Qb1+ 30. Bf1 Qxc2 31. Qh4 Rxg2+ 32. Kh1 Qf2 0-1

[Event "76. LJUBLJANSKA SAHOVSKA LIGA 2024"]
[Site "gostovanja"]
[Date "2024.03.21"]
[Round "6.7"]
[White "Krumpak, Hinko"]
[Black "Herceg, Boris"]
[Result "1-0"]
[WhiteElo "2017"]
[BlackElo "1491"]
[PlyCount "113"]
[EventDate "2024.01.18"]
[WhiteTeam "SK TRZIN BUSCOTRADE"]
[BlackTeam "SK MEDVODE"]

1. c4 b6 2. d4 Bb7 3. Nc3 e6 4. a3 Nf6 5. Bg5 Be7 6. e3 d6 7. Nf3 Nbd7 8. Bd3
Nf8 9. e4 Ng6 10. h3 h6 11. Be3 a6 12. Qd2 Qd7 13. b4 c6 14. e5 dxe5 15. Bxg6
fxg6 16. Nxe5 Qc7 17. Nxg6 O-O-O 18. Nxh8 Rxh8 19. Bf4 Bd6 20. Bxd6 Qxd6 21. c5
Qc7 22. Qe3 Re8 23. Ne4 Nxe4 24. Qxe4 b5 25. O-O Kb8 26. Qe5 Re7 27. Rfe1 Bc8
28. f4 g6 29. Rad1 Kb7 30. d5 Qxe5 31. Rxe5 cxd5 32. Rdxd5 Kc7 33. Rd6 Kb7 34.
h4 Rf7 35. g3 h5 36. Kf2 Kc7 37. Ke3 Re7 38. Rg5 Rg7 39. Kd4 Rg8 40. Ke5 Bd7
41. Rxa6 Bc6 42. Rxc6+ Kxc6 43. Kxe6 Re8+ 44. Kf7 Re3 45. Rxg6+ Kc7 46. Rb6
Rxa3 47. Kg6 Rxg3+ 48. Kxh5 Rg8 49. f5 Rh8+ 50. Kg5 Rg8+ 51. Rg6 Rd8 52. h5 Rd4
53. h6 Rxb4 54. Rg7+ Kc6 55. h7 Rb1 56. Rg6+ Kxc5 57. h8=Q 1-0

[Event "76. LJUBLJANSKA SAHOVSKA LIGA 2024"]
[Site "gostovanja"]
[Date "2024.03.21"]
[Round "6.7"]
[White "Sajovic, Marko"]
[Black "Borisek, Anze"]
[Result "1-0"]
[WhiteElo "1000"]
[BlackElo "1890"]
[PlyCount "89"]
[EventDate "2024.01.18"]
[WhiteTeam "SK MEDVODE"]
[BlackTeam "SK TRZIN BUSCOTRADE"]

1. e4 Nf6 2. e5 Nd5 3. d4 d6 4. c4 Nb6 5. exd6 cxd6 6. Nc3 g6 7. Nf3 Bg7 8. h3
O-O 9. Be3 Nc6 10. Rc1 d5 11. c5 Nc4 12. Bxc4 dxc4 13. O-O Bf5 14. b3 cxb3 15.
axb3 Nb4 16. Qd2 Nd5 17. Rfd1 Nxc3 18. Qxc3 Qd5 19. Ne5 Rfd8 20. Rd2 Rac8 21.
b4 f6 22. Nc4 g5 23. b5 Bd7 24. Qb4 h6 25. Ra1 f5 26. Rxa7 f4 27. Bxf4 gxf4 28.
Nb6 Qg5 29. Nxd7 f3 30. g3 Rxd7 31. c6 Rxd4 32. Rxd4 Qc1+ 33. Kh2 Bxd4 34. Qxd4
bxc6 35. Rxe7 Qg5 36. Re4 Rd8 37. Qc4+ Qd5 38. bxc6 Qxc4 39. Rxc4 Rc8 40. g4
Kf7 41. Kg3 Ke6 42. Kxf3 Kd5 43. Rc1 Kd4 44. c7 Ke5 45. Kg3 1-0

[Event "76. LJUBLJANSKA SAHOVSKA LIGA 2024"]
[Site "gostovanja"]
[Date "2024.03.21"]
[Round "6.8"]
[White "Stevanic, David"]
[Black "Jukan, Nesib"]
[Result "1-0"]
[WhiteElo "2294"]
[BlackElo "1943"]
[PlyCount "61"]
[EventDate "2024.01.18"]
[WhiteTeam "SD KOCEVJE"]
[BlackTeam "SK TRZIN"]

1. e4 e5 2. Nf3 Nf6 3. d4 Nxe4 4. Bd3 d5 5. Nxe5 Nd7 6. Nc3 Nxc3 7. bxc3 Nxe5
8. dxe5 Be7 9. Qh5 Be6 10. f4 g6 11. Qf3 Qd7 12. O-O Bg4 13. Qf2 Bf5 14. Be3
O-O 15. h3 h5 16. Qf3 c6 17. Rad1 b5 18. Bxf5 Qxf5 19. g4 hxg4 20. hxg4 Qxc2
21. f5 Qxc3 22. f6 Bc5 23. Bxc5 Qxc5+ 24. Rf2 Rfe8 25. Qf4 Re6 26. Rc1 Qf8 27.
Rh2 Rae8 28. Qg5 Rxe5 29. Qh4 Re1+ 30. Rxe1 Qc5+ 31. Kh1 1-0

[Event "76. LJUBLJANSKA SAHOVSKA LIGA 2024"]
[Site "gostovanja"]
[Date "2024.03.21"]
[Round "6.8"]
[White "Lanjscek, Miha"]
[Black "Mihic, Adam"]
[Result "1/2-1/2"]
[WhiteElo "1745"]
[BlackElo "1240"]
[PlyCount "46"]
[EventDate "2024.01.18"]
[WhiteTeam "SK TRZIN"]
[BlackTeam "SD KOCEVJE"]

1. d4 Nf6 2. c4 g6 3. Nc3 Bg7 4. e4 d6 5. Nf3 O-O 6. Be2 e5 7. dxe5 dxe5 8.
Qxd8 Rxd8 9. Bg5 Re8 10. O-O-O Ng4 11. Bh4 c6 12. h3 Nh6 13. Rd2 f6 14. Rhd1
Na6 15. Rd8 Be6 16. Rxa8 Rxa8 17. Rd6 Re8 18. g4 g5 19. Bg3 Nf7 20. Rd1 Kf8 21.
Nd2 Re7 22. Nb3 b6 23. f3 Re8 1/2-1/2